000 01052nam a2200265 a 4500
003 BLK
005 20250708162927.0
008 240704b bul|||||r ||||||| ||bul||
020 _a9786192650599
040 _aBLK
041 _aBUL
_cBUL
080 _aНемска литература
_b821.112.2
_x-94
_z821.112.2-94
_9235107
084 _aО 45
100 _9493595
_aОйлхафен, Ингрид фон
245 _aДецата, които Хитлер отвлече
_cИнгрид фон Ойлхафен, Тим Тейт ; прев. от англ. Гриша Атанасов
260 _aСофия
_bКръг
_c2024
_9209932
_fСофия : RoPrint
300 _a240 с.
_c20 см
380 _aX
500 _aОриг. загл. Hitleer's Forgotten Children / Ingrid von Oelhafen, Tim Tate
700 _aАтанасов, Гриша Александров
_d1957-
_9382230
852 _bП
_c821-9/О- 45 И
942 _cKNG
_n0
_033
_s1
944 _c2024-07-04
_k30531
_aCR
_lЦветелина Шанова
944 _c2025-01-16
_kМ.Я.
_aED
999 _c512871
_d512871